[Event "Oberliga Ost-B 0405"]
[Site "Germany"]
[Date "2005.04.09"]
[Round "10.1"]
[White "Broemel, Richard"]
[Black "Beisswanger, Wolf"]
[Result "1/2-1/2"]
[WhiteElo "2184"]
[BlackElo "2385"]
[PlyCount "125"]
[EventDate "2004.10.10"]
[EventType "team-tourn"]
[EventRounds "11"]
[EventCountry "GER"]
[SourceTitle "EXT 2006"]
[Source "ChessBase"]
[SourceDate "2005.11.24"]
[SourceVersion "1"]
[SourceVersionDate "2005.11.24"]
[SourceQuality "1"]
[WhiteTeam "Jena Glas"]
[BlackTeam "Offenbach"]
[WhiteTeamCountry "GER"]
[BlackTeamCountry "GER"]

1. d4 Nf6 2. Bf4 c5 3. dxc5 Na6 4. e3 Nxc5 5. Bc4 d5 6. Bb5+ Bd7 7. Bxd7+ Qxd7 8. Nc3 e6 9. Nf3 Be7 10. Ne5 Qd8 11. 0-0 0-0 12. Rb1 Rc8 13. Qe2 a6 14. Rfd1 b5 15. a3 Qb6 16. Na2 Nce4 17. c3 a5 18. Kh1 Rfd8 19. f3 Nd6 20. Bg5 Nf5 21. Bxf6 Bxf6 22. Ng4 Be7 23. e4 dxe4 24. fxe4 Nd6 25. Rd3 Qc6 26. Rd4 Nc4 27. Rbd1 h5 28. Nf2 g6 29. Nc1 Qc7 30. Rxd8+ Bxd8 31. Ncd3 Bf6 32. Ne1 Qc5 33. Nf3 Qe3 34. Qxe3 Nxe3 35. Rd2 Nc4 36. Re2 e5 37. g3 Rd8 38. Kg2 Kf8 39. g4 hxg4 40. Nxg4 Bg7 41. b3 Nxa3 42. Nfxe5 Nb1 43. c4 bxc4 44. Nxc4 Nc3 45. Re3 Bd4 46. Re1 a4 47. bxa4 Nxa4 48. Rf1 Kg7 49. Nce5 Bxe5 50. Nxe5 Rf8 51. Ng4 Nc5 52. Nf2 Ra8 53. Rc1 Ne6 54. Rc3 Ra2 55. Rb3 Nc5 56. Re3 Kf6 57. Kf3 Kg5 58. Kg3 Ra4 59. h4+ Kf6 60. Kf3 Ke6 61. Ng4 Rc4 62. Kf4 f5 63. Ne5 1/2-1/2

[Event "Boeblingen op 12th"]
[Site "Boeblingen"]
[Date "1995.??.??"]
[Round "?"]
[White "Beisswanger, Wolf"]
[Black "Gabriel, Josef"]
[Result "0-1"]
[WhiteElo "2320"]
[BlackElo "2405"]
[PlyCount "64"]
[EventDate "1995.12.??"]
[EventType "swiss"]
[EventRounds "9"]
[EventCountry "GER"]
[SourceTitle "EXT 2006"]
[Source "ChessBase"]
[SourceDate "2005.11.24"]
[SourceVersion "1"]
[SourceVersionDate "2005.11.24"]
[SourceQuality "1"]

1. c4 e6 2. Nc3 d5 3. cxd5 exd5 4. d4 c6 5. Bf4 Nf6 6. Qc2 Be7 7. e3 Nbd7 8. Bd3 Nf8 9. h3 Ne6 10. Bh2 g6 11. Nf3 Ng7 12. g4 Be6 13. Ne5 Nd7 14. Nf3 Qa5 15. Nd2 h5 16. 0-0-0 hxg4 17. hxg4 Rg8 18. Rdg1 Bb4 19. Kb1 Bxc3 20. bxc3 c5 21. f4 c4 22. Be2 f5 23. Bg3 0-0-0 24. Kb2 Nb6 25. Bh4 Rde8 26. Rh2 Na4+ 27. Ka1 Qxc3+ 28. Qxc3 Nxc3 29. Bf3 fxg4 30. Bxg4 Bxg4 31. Rxg4 Nf5 32. Bf2 Nd1 0-1